000 00443nam a2200133Ia 4500
003 GCL
008 140319s9999 xx 000 0 ara d
040 _aGCL /
_cGCL
082 0 4 _a810.1
_bف ل
100 1 _aفاضل تامر
245 1 0 _aاللغة الثانية فى اشكالية المنهج والنظرية والمصطلح فى الخطاب النقدى العربى الحديث /
_cفاضل تامر
300 _a254 ص
490 _a
999 _c37825
_d37825